000 00545nam a2200217Ia 4500
003 OSt
005 20220928144018.0
006 a|||||r|||| 00| 0
007 ta
008 220927b |||||||| |||| 00| 0 eng d
024 _a23496
037 _cTextual
040 _aSDCL
_cSDCL
_beng
041 _2eng
_aeng
082 _aO152,2N251,9, L5
100 _aLuxmi Narayan Lal
_9506325
245 0 _aNarsingh khatha.
260 _c1975
942 _hO152,2N251,9, L5
_cTEXL
_2CC
999 _c825442
_d825442